00533nam a2200181Ia 450000500170000000800410001704000190005804100120007708200160008910000210010524500710012626000520019730000100024950400400025965000230029970000190032285000100034120230315084736.0131103s9999 xx 000 0 und d aLoreto College aEnglish a891.44bDUT aDutta, Bhabatosh aBangadarshan paramparacBhabatosh Dutta; compiled by Bijali Sarkar aKathalparabBankim-Bhaban Gabeshna Kendrac2006 a348p  aIncludes bibliographical references aBengali Literature aSarkar, Bijali aLCLIB